marguerite - les filles, les meufs [paroles] - Statistiques

Statistiques générales
  • Ce quiz a été pris 100 fois
  • Le résultat moyen est 90 sur 132
Statistiques - réponses
Hint Réponse % Correct
12 je
97%
5 le
97%
34 les
96%
4 a
95%
1 à
95%
3 de
95%
1 (de
95%
8 des
95%
17 filles
95%
4 ma
95%
8 meufs
95%
5 la
94%
8 préfère
94%
9 dans
92%
7 et
92%
8 femmes
92%
7 j'ai
92%
4 moi
92%
4 mais
91%
1 (mais
91%
1 qu'à
91%
4 teuf
91%
4 y
91%
5 aussi
90%
1 aussi)
90%
4 quand
90%
1 se
90%
3 un
90%
6 plus
89%
8 sens
89%
4 j'aime
87%
1 mec
87%
10 que
87%
4 tranquille
87%
1 ami
86%
8 j'me
86%
8 qui
86%
1 père
85%
1 frères
82%
1 mon
82%
4 depuis
81%
3 vrai
81%
1 fort
80%
4 dit
78%
1 pecs
78%
2 l'ai
77%
1 parle
77%
4 vie
77%
4 mieux
76%
1 leur
75%
1 bars
73%
1 miroir
72%
1 fait
71%
1 j'adore
71%
3 c'est
70%
1 kéké
70%
1 petit
70%
4 leurs
68%
1 devant
67%
3 pleurer
67%
1 pleurer)
67%
2 toujours
67%
1 gars
65%
1 idées
65%
1 cœur
63%
1 grandes
63%
1 pas
63%
1 su
63%
1 douleurs
62%
1 on
62%
1 écartées
61%
2 elles
61%
3 jamais
61%
1 jambes
61%
1 marrer
61%
1 p'tites
61%
1 comme
59%
1 désolée
59%
1 eu
59%
2 ils
59%
1 m'font
59%
1 peine
59%
2 pour
59%
1 saigne
59%
1 si
59%
1 amoureux
58%
1 d'argent
58%
1 puis
58%
1 qu'ils
58%
1 virilité
58%
1 ai
57%
1 avait
57%
1 bagarrer
57%
1 bagarrer)
57%
1 (bagarrer
57%
1 garder
57%
1 remarqués
57%
2 saignent
57%
1 s'empêchent
57%
1 fera
56%
1 froncés
56%
1 jour
56%
1 s'compare
56%
1 sourcils
56%
1 sur
56%
1 deux
54%
1 foutue
54%
1 premier
53%
1 prêts
53%
1 sera
53%
1 trop
53%
2 ouais
52%
1 quittés
52%
1 sais
52%
1 longtemps
51%
1 doutes
51%
1 cette
49%
1 compliqué
49%
1 eux
49%
1 m'entendaient
49%
1 parler
49%
1 tiendra
49%
1 j'avais
48%
1 m'écoutaient
48%
1 assez
47%
2 eh
47%
1 parfois
47%
1 j'avoue
43%
20 ah
42%
2 (oh)
39%
8 mmh
5%
1 (mmh)
5%
Aucun quiz correspondant
Distribution des résultats
% des personnes avec chaque résultat
Percentile par nombre de réponses
Votre historique - résultats
Vous n’avez pas pris ce quiz